| 000 | 01059nam a22001937a 4500 | ||
|---|---|---|---|
| 999 |
_c77309 _d77309 |
||
| 005 | 20250611104416.0 | ||
| 008 | s2557 th tha d | ||
| 040 | _aNALT | ||
| 041 | _atha | ||
| 050 |
_aJS 7153.4.A1 _bส898ก 2557 |
||
| 100 | 0 |
_aเสน่ห์ จุ้ยโต. _925740 |
|
| 245 | 1 | 0 |
_aการพัฒนาตัวแบบการบริหารองค์กรปกครองส่วนท้องถิ่นสู่องค์การสมรรถนะสูง / _cเสน่ห์ จุ้ยโต. |
| 260 | 3 |
_aนนทบุรี : _bมหาวิทยาลัยสุโขทัยธรรมาธิราช, _c2557. |
|
| 300 |
_a411 หน้า : _b ภาพประกอบ, ตาราง ; _c 29 ซม. |
||
| 650 | 4 |
_aการปกครองท้องถิ่น _xการบริหาร _925741 |
|
| 850 | _aNALT | ||
| 942 |
_cRSH _2lcc |
||
| 998 |
_j1030 _k นางสาวจิดาภา ทับเกษมปิติโสภา |
||